书目信息 |
| 题名: |
战神耳目:军事通信与军事情报
|
|
| 作者: | 龚盛辉 , 李希娟 著 | |
| 分册: | ||
| 出版信息: | 武汉 长江文艺出版社 1998.11 |
|
| 页数: | 293页 | |
| 开本: | 32开 | |
| 丛书名: | ||
| 单 册: | ||
| 中图分类: | E87-49 | |
| 科图分类: | ||
| 主题词: | 军事--情报工作 , 军事侦察 , 战略侦察 | |
| 电子资源: | ||
| ISBN: | 7-5354-1739-6 | |
| 000 | 00683nam0 2200229 45 | |
| 001 | 1009042330 | |
| 005 | 20100904233542.6 | |
| 010 | @a7-5354-1739-6@d13.00元 | |
| 100 | @a20100904d1998 km y0chiy0120 ea | |
| 101 | 0 | @achi |
| 105 | @a z 000yy | |
| 200 | 1 | @a战神耳目:军事通信与军事情报@AZhan Shen Er Mu:Jun Shi Tong Xin Yu Jun Shi Qing Bao@f龚盛辉,李希娟著@FGong Sheng Hui,Li Xi Juan Zhu |
| 210 | @a武汉@c长江文艺出版社@d1998.11 | |
| 215 | @a293页@d32开 | |
| 606 | 0 | @a军事@x情报工作 |
| 606 | 0 | @a军事侦察 |
| 606 | 0 | @a战略侦察 |
| 690 | @aE87-49@v3 | |
| 701 | 0 | @a龚盛辉@4著 |
| 701 | 0 | @a李希娟@4著 |
| 801 | @aCN@bPftUser@c20100904 | |
| 905 | @b120646-650@dE87-49@eG331@f5 | |
| 战神耳目:军事通信与军事情报/龚盛辉,李希娟著.-武汉:长江文艺出版社,1998.11 |
| 293页;32开 |
| ISBN 7-5354-1739-6:13.00元 |
| ● |
| 相关链接 |
|
|
|
正题名:战神耳目:军事通信与军事情报
索取号:E87-49/G331
 
预约/预借
| 序号 | 登录号 | 条形码 | 馆藏地/架位号 | 状态 | 备注 |
| 1 | 120646 | 201206462 | 社科库509/509社科库 122排2列3层/ [索取号:E87-49/G331] | 在馆 | |
| 2 | 120647 | 201206471 | 社科库509/509社科库 122排2列3层/ [索取号:E87-49/G331] | 在馆 | |
| 3 | 120648 | 201206480 | 社科库509/509社科库 122排2列3层/ [索取号:E87-49/G331] | 在馆 | |
| 4 | 120649 | 201206499 | 社科库509/509社科库 122排2列3层/ [索取号:E87-49/G331] | 在馆 | |
| 5 | 120650 | 201206505 | 社科库509/509社科库 122排2列3层/ [索取号:E87-49/G331] | 在馆 |